000 01093nam0a22002891 4500
001 RU\NLR\INFOCOMM_161\5000078009
005 20250613095938.0
035 _a(NLR Aleph) 009319788
090 _a9388544
_c9388544
100 _a20100826d1983 |||y0rusy50 ca
101 0 _apol
102 _aRU
105 _aa ||||000|y
200 1 _aZwiązek zawodowy w życiu zakładu pracy
_fJelena Doroszynska
210 _aM.
_cWyd-wo Agencji prasowej "Nowosti"
_d1983
215 _a85 с., 8 л. ил., портр.
_cил., портр.
_d17 см
225 1 _aRadziecka demokracja w praktyce
300 _aВ вып. дан.: Профсоюзный штаб завода / Е. Дорошинская
606 _aПрофсоюзные организации, первичные в машиностроении
_2nlr_sh1
686 _aФ72(2)273-941
_2rubbk
700 1 _9z02790
_aDorošinskaja
_bE. M.
_gElena Matveevna
_4070
790 1 _9z02700
_aDoroszynska
_bJ.
_gJelena
_4070
801 1 _aRU
_bNLR
_c20100826
801 0 _aRU
_bNLR
_gPSBO
852 _aNLR
_jСл Пол-1/1715
942 _cBOOK
980 _aNB